Country Shape Quiz #1 (relessness version) - Statistics

General Stats
  • This quiz has been taken 1,853 times
  • The average score is 11 of 16
Answer Stats
Country % Correct
Libya
92%
Algeria
88%
Switzerland
86%
Monaco
84%
Eritrea
82%
Uzbekistan
79%
Malta
73%
Azerbaijan
72%
Kenya
67%
South Sudan
66%
Cape Verde
65%
Lebanon
65%
Czech Republic
62%
Cambodia
50%
San Marino
48%
Dominica
46%
No matching quizzes found
Score Distribution
Percent of People with Each Score
Percentile by Number Answered
Your Score History
You have not taken this quiz